000
00286 a2200121 4500
005
20250629165350.0
082
_a
658.827 CLI
100
_a
CLIFTON, R.
245
_a
Brands and Branding,
260
_a
New York,
_b
Bloomberg Press,
_c
2009.
300
_a
xvii, 284,: ill.;
942
_2
ddc
_c
BKS
999
_c
6221
_d
6221